[Event "Konjic op 12th"]
[Site "Konjic"]
[Date "2023.03.02"]
[Round "3"]
[White "Mulic, Sulejman"]
[Black "Bajic, Salko"]
[Result "1-0"]
[WhiteElo "1798"]
[BlackElo "1729"]
[PlyCount "79"]
[EventDate "2023.03.01"]
[EventType "swiss"]
[EventRounds "7"]
[EventCountry "BIH"]
[SourceTitle "CBM 213 Extra"]
[Source "ChessBase"]
[SourceDate "2023.05.31"]
[SourceVersion "1"]
[SourceVersionDate "2023.05.31"]
[SourceQuality "1"]

1. d4 Nf6 2. Bf4 d5 3. Nf3 Nbd7 4. e3 a6 5. Bd3 h6 6. h4 e6 7. Nbd2 b5 8. a4 b4 9. c3 Bb7 10. a5 c5 11. cxb4 c4 12. Bc2 Bxb4 13. 0-0 Bc6 14. Ne5 Nxe5 15. dxe5 Nd7 16. Nf3 Bxa5 17. Nd4 Bb5 18. Qg4 Kf8 19. Bg6 Nc5 20. Bc2 c3 21. Rfd1 cxb2 22. Ra2 Bc3 23. Ra3 Bb4 24. Ra2 Bc4 25. Rxb2 a5 26. Rdb1 Qd7 27. Qd1 Rc8 28. Bg3 h5 29. f4 Ne4 30. Be1 Nc3 31. Bxc3 Bxc3 32. Rb7 Qd8 33. f5 Bxd4 34. Qxd4 Rh6 35. fxe6 fxe6 36. Qf4+ Rf6 37. exf6 Qxf6 38. Qd6+ Kg8 39. Rb8 Rf8 40. Rxf8+ 1-0

[Event "Sarajevo Bosna op 48th"]
[Site "Sarajevo"]
[Date "2018.05.11"]
[Round "9"]
[White "Bajic, Salko"]
[Black "Jovovic, Milan"]
[Result "1-0"]
[WhiteElo "1715"]
[BlackElo "2042"]
[PlyCount "81"]
[EventDate "2018.05.05"]
[EventType "swiss"]
[EventRounds "9"]
[EventCountry "BIH"]
[SourceTitle "CBM 184 Extra"]
[Source "ChessBase"]
[SourceDate "2018.06.28"]
[SourceVersion "1"]
[SourceVersionDate "2018.06.28"]
[SourceQuality "1"]

1. e4 c5 2. Nf3 d6 3. d4 cxd4 4. Nxd4 Nf6 5. Nc3 a6 6. Be2 e5 7. Nf3 Be7 8. h3 b5 9. a3 Bb7 10. Bd3 0-0 11. 0-0 Nbd7 12. Bg5 Nc5 13. Qe2 Ne6 14. Be3 Nd7 15. Nd5 Bxd5 16. exd5 Nec5 17. Bxc5 Nxc5 18. b4 Nxd3 19. Qxd3 f5 20. Qb3 Qc7 21. Nxe5 Bf6 22. Nc6 Bxa1 23. Rxa1 Rae8 24. c4 Re4 25. cxb5 axb5 26. a4 bxa4 27. Rxa4 Qb6 28. Ra1 Rfe8 29. Qg3 f4 30. Qf3 Rxb4 31. Nxb4 Qxb4 32. h4 Qe4 33. Qxe4 Rxe4 34. Ra6 Re1+ 35. Kh2 Re2 36. f3 Rd2 37. Rxd6 Kf7 38. Rd7+ Ke8 39. Rxg7 Rxd5 40. Rxh7 Kf8 41. Ra7 1-0

[Event "Sarajevo Bosna op 47th"]
[Site "Sarajevo"]
[Date "2017.05.16"]
[Round "6"]
[White "Bajic, Salko"]
[Black "Beslija, Hana"]
[Result "1/2-1/2"]
[WhiteElo "1732"]
[BlackElo "1113"]
[PlyCount "66"]
[EventDate "2017.05.13"]
[EventType "swiss"]
[EventRounds "9"]
[EventCountry "BIH"]
[SourceTitle "CBM 178 Extra"]
[Source "ChessBase"]
[SourceDate "2017.06.22"]
[SourceVersion "1"]
[SourceVersionDate "2017.06.22"]
[SourceQuality "1"]

1. e4 d5 2. Nf3 dxe4 3. Ng5 f5 4. Bc4 Nh6 5. Qh5+ g6 6. Qh4 e5 7. f4 exf3 8. Nxf3 Qxh4+ 9. Nxh4 e4 10. g3 Nc6 11. Nc3 Nd4 12. Kd1 Ng4 13. Rf1 Nxh2 14. Rf2 Ng4 15. Rf1 a6 16. Ne2 Nxe2 17. Kxe2 Bd7 18. d3 exd3+ 19. Bxd3 0-0-0 20. Bf4 Bc6 21. a3 Be7 22. Nf3 Bxf3+ 23. Rxf3 Rhe8 24. Kd2 Bf6 25. c3 Ne5 26. Bxe5 Bxe5 27. Rh1 Re7 28. Kc2 Rde8 29. Rg1 Bd6 30. Kd2 Bc5 31. Rgf1 Be3+ 32. Kc2 Bh6 33. R1f2 Re3 1/2-1/2